[Event "Open d'Aubagne 2018-2019"]
[Site "Aubagne"]
[Date "2018.09.28"]
[Round "1.31"]
[White "Belaid, Myriam"]
[Black "Tramarin, Matteo"]
[Result "0-1"]
[WhiteElo "1040"]
[BlackElo "1322"]
[PlyCount "78"]

1. e4 d5 2. d3 dxe4 3. dxe4 Qxd1+ 4. Kxd1 Nc6 5. c3 Bd7 6. Bc4 O-O-O 7. Nf3 Ne5
8. Nxe5 Bg4+ 9. Kc2 Nh6 10. Bxh6 gxh6 11. Nxg4 f6 12. Nd2 h5 13. Ne3 Bh6 14.
Nb3 e5 15. Nf5 Bf8 16. Rad1 Bd6 17. Rhf1 a6 18. f4 exf4 19. Nh6 Be5 20. Nf7
Rxd1 21. Rxd1 Rf8 22. Be6+ Kb8 23. Rd7 Re8 24. Nc5 b6 25. Nxa6+ Kb7 26. Bc4 Kc6
27. Rxc7+ Bxc7 28. Bd5+ Kd7 29. c4 Bd6 30. Nb8+ Bxb8 31. Kc3 Be5+ 32. Kb4 Bxb2
33. Kb5 Rb8 34. Bc6+ Kc7 35. e5 fxe5 36. Nxe5 Bxe5 37. h4 Rd8 38. c5 bxc5 39.
Kxc5 Bd4+ 0-1

[Event "Open d'Aubagne 2018-2019"]
[Site "Aubagne"]
[Date "2018.09.28"]
[Round "1.32"]
[White "Roche, Alain"]
[Black "Timoner, Genevieve"]
[Result "1-0"]
[WhiteElo "1316"]
[BlackElo "1025"]
[PlyCount "66"]

1. e4 c5 2. Nf3 Nc6 3. c3 d6 4. d4 cxd4 5. cxd4 Nf6 6. Qc2 g6 7. Be2 Bg7 8. O-O
O-O 9. a3 Bd7 10. Bg5 a6 11. Qd2 b5 12. Bxf6 Bxf6 13. Nc3 e5 14. Nd5 Bg7 15. h4
h6 16. Rad1 exd4 17. Bd3 Bg4 18. Qf4 Be6 19. Rc1 Rc8 20. a4 Bxd5 21. exd5 Ne5
22. Nxe5 dxe5 23. Qf3 h5 24. Rc6 Rb8 25. axb5 axb5 26. Ra1 Bh6 27. Rc2 b4 28.
d6 Rb7 29. Qe4 Bg7 30. Bc4 b3 31. Rcc1 Bh6 32. Qxg6+ Bg7 33. Qxh5 Re8 1-0

[Event "Open d'Aubagne 2018-2019"]
[Site "Aubagne"]
[Date "2018.09.28"]
[Round "1.33"]
[White "Cayrou, Kylian"]
[Black "Rocchia, Alex"]
[Result "0-1"]
[WhiteElo "1020"]
[BlackElo "1289"]
[PlyCount "108"]

1. e4 e5 2. Nf3 Nc6 3. Nc3 Bc5 4. Bc4 Nf6 5. d3 a6 6. Ng5 O-O 7. O-O d6 8. h3
b5 9. Bb3 Bb7 10. a3 Nd4 11. Ba2 c6 12. b4 Ba7 13. Be3 d5 14. Ne2 Nxe2+ 15.
Qxe2 dxe4 16. Bxa7 Rxa7 17. Rad1 Qc7 18. dxe4 Raa8 19. Rd3 Rad8 20. Rfd1 Rxd3
21. cxd3 Qe7 22. d4 exd4 23. Rxd4 h6 24. Nf3 c5 25. bxc5 Qxc5 26. Qe3 Qc2 27.
e5 Qxa2 28. exf6 Qa1+ 29. Kh2 Bxf3 30. Qxf3 Qxd4 31. fxg7 Qxg7 32. Qb7 Qe5+ 33.
Kh1 Qa1+ 34. Kh2 Qxa3 35. Qe4 h5 36. Qf5 Re8 37. Qg5+ Kf8 38. Qh6+ Ke7 39. Qg5+
Kf8 40. Qh6+ Ke7 41. Qg5+ Kd7 42. Qf5+ Kd8 43. Qf6+ Qe7 44. Qd4+ Kc8 45. Qc3+
Qc7+ 46. Qxc7+ Kxc7 47. g4 hxg4 48. hxg4 b4 49. Kg1 b3 50. Kf1 b2 51. f4 b1=Q+
52. Kf2 Qd3 53. Kg2 Re2+ 54. Kf1 Qd1# 0-1

[Event "Open d'Aubagne 2018-2019"]
[Site "Aubagne"]
[Date "2018.09.28"]
[Round "1.34"]
[White "Frontera, Pierre"]
[Black "De Laurentis, Pierre"]
[Result "1-0"]
[WhiteElo "1284"]
[BlackElo "1020"]
[PlyCount "63"]

1. e4 Nc6 2. Nf3 e5 3. Bc4 Nf6 4. Nc3 g6 5. O-O Bg7 6. Re1 O-O 7. d3 Re8 8. a3
Bf8 9. b4 a6 10. Bg5 Bg7 11. Nd5 b5 12. Bb3 h6 13. Bh4 Re6 14. c4 Qe8 15. Nxc7
Qe7 16. Nxa8 Qd8 17. c5 Bb7 18. Bxe6 fxe6 19. Nb6 d6 20. d4 Qf8 21. dxe5 Ng4
22. Qxd6 Qf4 23. Qxe6+ Kh7 24. Bg3 Qf8 25. Qxg4 Qe8 26. Qd7 Qb8 27. e6 Ne5 28.
Nxe5 Kg8 29. Qf7+ Kh7 30. Qxg6+ Kh8 31. Nf7+ Kg8 32. Bxb8 1-0

[Event "Open d'Aubagne 2018-2019"]
[Site "Aubagne"]
[Date "2018.09.28"]
[Round "1.35"]
[White "Pignol, Jeanne"]
[Black "Moerenhout, Jean Claude"]
[Result "0-1"]
[WhiteElo "1020"]
[BlackElo "1284"]
[PlyCount "38"]

1. e4 e5 2. Nf3 d6 3. Bc4 Bg4 4. c3 Be7 5. O-O Nf6 6. Re1 O-O 7. h3 Bh5 8. d4
Nxe4 9. Be3 Nc6 10. Nbd2 d5 11. Bb5 Bh4 12. Rf1 Ne7 13. g4 Bxg4 14. hxg4 Ng6
15. Nxh4 Qxh4 16. Nxe4 dxe4 17. f3 Qg3+ 18. Kh1 Nh4 19. Rg1 Qh3# 0-1

[Event "Open d'Aubagne 2018-2019"]
[Site "Aubagne"]
[Date "2018.09.28"]
[Round "1.36"]
[White "Labriaud, Gilles"]
[Black "Rescanieres, Alice"]
[Result "1-0"]
[WhiteElo "1276"]
[BlackElo "1020"]
[PlyCount "53"]

1. e4 d5 2. f3 Nc6 3. c3 e5 4. d4 Nf6 5. Nd2 exd4 6. Bb5 Bd7 7. Bxc6 Bxc6 8.
cxd4 dxe4 9. Nxe4 Nxe4 10. fxe4 Bxe4 11. Nf3 Bb4+ 12. Bd2 Qe7 13. O-O O-O 14.
Re1 Bxf3 15. Rxe7 Bxd1 16. Bxb4 Bc2 17. Rxc7 Be4 18. Bxf8 Rxf8 19. Rac1 h6 20.
Rc8 Bf5 21. Rxf8+ Kxf8 22. d5 a6 23. Rc7 b5 24. Ra7 Be4 25. d6 Bf5 26. Ra8+ Bc8
27. Rxc8# 1-0

[Event "Open d'Aubagne 2018-2019"]
[Site "Aubagne"]
[Date "2018.09.28"]
[Round "1.37"]
[White "Bhutra, Patricia"]
[Black "Periale, Albert"]
[Result "0-1"]
[WhiteElo "1010"]
[BlackElo "1267"]
[PlyCount "48"]

1. e4 c5 2. Nf3 d6 3. Bc4 e6 4. d3 Nf6 5. c3 a6 6. Bg5 Be7 7. Qe2 e5 8. Nbd2 b5
9. Bb3 Bb7 10. O-O O-O 11. d4 cxd4 12. cxd4 Nbd7 13. dxe5 dxe5 14. h3 Rc8 15.
a4 Nc5 16. Bc2 bxa4 17. Bxa4 Ncxe4 18. Bxf6 Nxf6 19. Nxe5 Qd5 20. f3 Rcd8 21.
Nb3 Bd6 22. Rad1 Qxe5 23. Rf2 Qh2+ 24. Kf1 Qh1# 0-1

[Event "Open d'Aubagne 2018-2019"]
[Site "Aubagne"]
[Date "2018.09.28"]
[Round "1.38"]
[White "Cayrou, Manon"]
[Black "Bhutra, Richard"]
[Result "1-0"]
[WhiteElo "1263"]
[BlackElo "1010"]
[PlyCount "41"]

1. e4 e5 2. Nf3 Nc6 3. Bc4 Bc5 4. d3 Nf6 5. Bg5 h6 6. Bd2 d6 7. h3 O-O 8. O-O
Na5 9. Bxa5 b6 10. Bc3 Bb7 11. d4 Nxe4 12. dxc5 Nxc3 13. Nxc3 g5 14. Bd5 Bxd5
15. Nxd5 g4 16. hxg4 e4 17. Nd4 Kh8 18. c6 h5 19. gxh5 Rg8 20. Qd2 Qh4 21. Qh6#
1-0

[Event "Open d'Aubagne 2018-2019"]
[Site "Aubagne"]
[Date "2018.10.13"]
[Round "2.1"]
[White "Gomez, Jean-Luc"]
[Black "Pentcheff, Laura"]
[Result "1-0"]
[WhiteElo "1335"]
[BlackElo "1596"]
[PlyCount "97"]

1. d4 Nf6 2. Bf4 g6 3. Nf3 Bg7 4. e3 O-O 5. c4 d6 6. Nc3 c6 7. Bd3 a6 8. O-O b5
9. cxb5 axb5 10. a3 Nbd7 11. h3 Nb6 12. b3 Nbd5 13. Nxd5 Nxd5 14. Bg3 Qb6 15.
Qc2 Bb7 16. b4 Ra7 17. Ra2 Rfa8 18. Qb3 Ra6 19. Nd2 Qa7 20. Nb1 Ra4 21. Rb2 Bc8
22. Rc1 Qb6 23. Rbc2 Bd7 24. Be4 R4a7 25. Bxd5 cxd5 26. Qxd5 Be6 27. Qc6 Qb8
28. Qf3 Bf5 29. e4 Bd7 30. Qd3 Bh6 31. Rd1 Qb6 32. f3 d5 33. Rc5 dxe4 34. fxe4
Rc8 35. Bf2 Rxc5 36. dxc5 Qc6 37. Qd5 Be8 38. Bd4 Bd7 39. Qe5 Be3+ 40. Bxe3 Ra8
41. Bh6 Qf6 42. Qxf6 exf6 43. Rxd7 Re8 44. Nc3 f5 45. exf5 gxf5 46. Nd5 Kh8 47.
c6 Rg8 48. c7 Rxg2+ 49. Kxg2 1-0

[Event "Open d'Aubagne 2018-2019"]
[Site "Aubagne"]
[Date "2018.10.13"]
[Round "2.2"]
[White "Daumas, Alain"]
[Black "Morata, Serge"]
[Result "1-0"]
[WhiteElo "1571"]
[BlackElo "1343"]
[PlyCount "73"]

1. e4 e5 2. Nf3 Nc6 3. Bb5 Nf6 4. d3 d6 5. c3 Bg4 6. O-O Be7 7. Be3 O-O 8. Nbd2
a6 9. Ba4 b5 10. Bc2 Qd7 11. d4 d5 12. dxe5 Nxe5 13. Nxe5 Bxd1 14. Nxd7 Nxd7
15. Raxd1 dxe4 16. Nxe4 Ne5 17. Bf4 Nc4 18. b3 Nd6 19. Nxd6 cxd6 20. Bxd6 Bxd6
21. Rxd6 Rfc8 22. Be4 Ra7 23. Rfd1 g6 24. Rd8+ Rxd8 25. Rxd8+ Kg7 26. g3 Rc7
27. Ra8 Rxc3 28. Rxa6 Rc1+ 29. Kg2 Ra1 30. a4 bxa4 31. Rxa4 Re1 32. Bd5 Rb1 33.
Ra7 Kf6 34. Rxf7+ Ke5 35. Bc4 h5 36. Rg7 Kf6 37. Rxg6+ 1-0

[Event "Open d'Aubagne 2018-2019"]
[Site "Aubagne"]
[Date "2018.10.13"]
[Round "2.3"]
[White "Tramarin, Matteo"]
[Black "Bertrand, Frederic"]
[Result "1-0"]
[WhiteElo "1322"]
[BlackElo "1548"]
[PlyCount "111"]

1. c4 Nf6 2. Nc3 e5 3. e4 Bc5 4. Nf3 d6 5. h3 Nc6 6. d3 h6 7. Bd2 a5 8. Nd5 Nd4
9. Nxd4 Bxd4 10. Bc3 Bc5 11. Be2 c6 12. Nxf6+ Qxf6 13. O-O O-O 14. Qd2 Qg6 15.
Kh1 Bb6 16. Bf3 f5 17. exf5 Bxf5 18. Be4 Bxe4 19. dxe4 Rf4 20. f3 Bc7 21. Qd3
Rd8 22. Bd2 Rf7 23. Qb3 b6 24. Be3 Rb8 25. a4 Kh7 26. Qd3 Rd8 27. Rad1 Rfd7 28.
Kh2 d5 29. cxd5 cxd5 30. Qb5 d4 31. Bf2 Qe6 32. g4 Rd6 33. Bg3 Re8 34. Rfe1 Bb8
35. f4 Rc6 36. f5 Qc4 37. Rc1 Qxb5 38. axb5 Rc5 39. Rxc5 bxc5 40. b3 Bc7 41. h4
Rb8 42. g5 hxg5 43. hxg5 Rxb5 44. Kg2 Rxb3 45. Rh1+ Kg8 46. g6 Re3 47. Bh4 Rxe4
48. Be7 Rg4+ 49. Kh3 Rf4 50. Rb1 e4 51. Rb7 Rf3+ 52. Kg4 Be5 53. Rd7 Rf4+ 54.
Kg5 Bf6+ 55. Bxf6 gxf6+ 56. Kxf6 1-0

[Event "Open d'Aubagne 2018-2019"]
[Site "Aubagne"]
[Date "2018.10.13"]
[Round "2.4"]
[White "Tchifteyan, Philippe"]
[Black "Ulloa, Philippe"]
[Result "1-0"]
[WhiteElo "1532"]
[BlackElo "1328"]
[PlyCount "88"]

1. e4 c5 2. Nf3 d6 3. Bc4 h6 4. Nc3 Nf6 5. O-O Bg4 6. d4 cxd4 7. Qxd4 Bxf3 8.
gxf3 e5 9. Qd3 a6 10. f4 Nc6 11. Qg3 Qc7 12. Nd5 Qd8 13. f3 b5 14. Bb3 Nd4 15.
Rf2 Rc8 16. Be3 Nxb3 17. axb3 Nxd5 18. exd5 a5 19. fxe5 dxe5 20. Qxe5+ Qe7 21.
Qxe7+ Bxe7 22. Rxa5 b4 23. Bd4 f6 24. c4 bxc3 25. bxc3 Kf7 26. Ra7 Rhd8 27. Re2
Rxd5 28. Rexe7+ Kg6 29. Rxg7+ Kh5 30. f4 Rf5 31. Rh7 Rxf4 32. h3 Rf5 33. Be3
Rg8+ 34. Kh2 Rg6 35. Rag7 Rf3 36. Rxh6+ Rxh6 37. Bxh6 Kxh6 38. Rg3 Rf2+ 39. Kg1
Rb2 40. c4 f5 41. Rc3 Kh5 42. c5 Rd2 43. c6 Rd8 44. c7 Rc8 1-0

[Event "Open d'Aubagne 2018-2019"]
[Site "Aubagne"]
[Date "2018.10.13"]
[Round "2.5"]
[White "Rocchia, Alex"]
[Black "Gamblin, Vincent"]
[Result "1-0"]
[WhiteElo "1289"]
[BlackElo "1488"]
[PlyCount "145"]

1. e4 c5 2. Nc3 Nc6 3. f4 e6 4. Nf3 Nge7 5. Bb5 a6 6. Bxc6 Nxc6 7. O-O d5 8. d3
dxe4 9. dxe4 Qxd1 10. Rxd1 Nb4 11. Rd2 b5 12. a3 Nc6 13. Re2 Nd4 14. Rf2 Bb7
15. Be3 Nxf3+ 16. gxf3 O-O-O 17. Rd1 Be7 18. Rfd2 c4 19. Bb6 Rxd2 20. Rxd2 Bf6
21. Kg2 Rg8 22. e5 Be7 23. Ne2 g5 24. Kf2 g4 25. Nd4 Bh4+ 26. Ke3 g3 27. Rg2
Rg6 28. Ne2 gxh2 29. Rxh2 Rh6 30. Nd4 Kd7 31. Ba5 Bg5 32. Rxh6 Bxh6 33. Ne2 Bg7
34. Bc3 h5 35. Kf2 Kc6 36. Kg3 Bf8 37. Nd4+ Kd5 38. Kh4 b4 39. axb4 Bxb4 40.
Kxh5 Bc5 41. Ne2 Bc6 42. Ba5 Ba4 43. Nc3+ Kd4 44. Nxa4 Be7 45. Kg4 Ke3 46. Nb6
Kd4 47. Nc8 f5+ 48. Kg3 Bf8 49. Nb6 Bc5 50. Kf2 Bf8 51. Bc3+ Kc5 52. Nd7+ Kb5
53. Nxf8 a5 54. Nxe6 a4 55. Nd4+ Kc5 56. Nxf5 Kd5 57. Ke3 Ke6 58. Nh4 Ke7 59.
Kd4 Ke6 60. f5+ Ke7 61. Bb4+ Kf7 62. Kxc4 Ke8 63. Kd5 Kd7 64. e6+ Ke8 65. Kd6
Kd8 66. Ng6 Ke8 67. f6 Kd8 68. f7 Kc8 69. f8=Q+ Kb7 70. Qd8 Ka6 71. e7 Kb7 72.
Qc7+ Ka6 73. e8=Q 1-0

[Event "Open d'Aubagne 2018-2019"]
[Site "Aubagne"]
[Date "2018.10.13"]
[Round "2.6"]
[White "Cavanihac, Claude"]
[Black "Roche, Alain"]
[Result "0-1"]
[WhiteElo "1487"]
[BlackElo "1316"]
[PlyCount "78"]

1. d4 d5 2. c4 c6 3. Nc3 e6 4. Nf3 Bb4 5. Bd2 Bxc3 6. Bxc3 Nf6 7. e3 O-O 8.
cxd5 exd5 9. Bd3 h6 10. Ne5 Nbd7 11. f4 Nxe5 12. fxe5 Bg4 13. Qc2 Re8 14. O-O
Ne4 15. Bxe4 dxe4 16. Qxe4 Bh5 17. Qf4 Bg6 18. Bb4 a6 19. Bd6 Qd7 20. h4 h5 21.
Rf3 Bd3 22. Rg3 Re6 23. Rg5 Be2 24. Rg3 Bg4 25. e4 Rg6 26. d5 cxd5 27. exd5 Qb5
28. Qd4 Rd8 29. a4 Qd7 30. Rc1 Rxd6 31. exd6 Qxd6 32. Rd3 Re8 33. Qc5 Qh6 34.
d6 Bd7 35. Rd5 Qe6 36. Rxh5 Bc6 37. Rg5 Rc8 38. Re5 Qg6 39. Qc4 Qxg2# 0-1

[Event "Open d'Aubagne 2018-2019"]
[Site "Aubagne"]
[Date "2018.10.13"]
[Round "2.7"]
[White "Moerenhout, Jean Claude"]
[Black "Hunault, Francis"]
[Result "0-1"]
[WhiteElo "1284"]
[BlackElo "1467"]
[PlyCount "106"]

1. e4 e5 2. Nf3 d6 3. Bc4 Be7 4. d4 exd4 5. Nxd4 Nc6 6. Qh5 Ne5 7. Ne6 Bxe6 8.
Bxe6 g6 9. Qh3 fxe6 10. Qxe6 Qd7 11. Qb3 O-O-O 12. Nc3 Nf6 13. Nb5 a6 14. Nc3
Qg4 15. O-O h5 16. h3 Qd7 17. Be3 Qc6 18. Qe6+ Rd7 19. Bg5 Nxe4 20. Bxe7 Re8
21. Nd5 Ng5 22. Nb4 Nxe6 23. Nxc6 Nxc6 24. Bf6 Rf7 25. Bc3 Ned4 26. Rfe1 Rxe1+
27. Rxe1 Nxc2 28. Re8+ Kd7 29. Rg8 N2b4 30. Rxg6 Nxa2 31. Rg7 Ke6 32. Rg6+ Kf5
33. Rg3 Nxc3 34. Rf3+ Ke6 35. Rxc3 Nd4 36. Re3+ Kd5 37. Re8 Kc4 38. Re4 Kd3 39.
Rh4 Rf5 40. b4 Nc2 41. g4 hxg4 42. Rxg4 c6 43. h4 Rh5 44. Kg2 Nd4 45. Kh3 Nf5
46. Rf4 Ke2 47. Kg4 Rxh4+ 48. Kxf5 Rxf4+ 49. Kxf4 Kxf2 50. Ke4 Ke2 51. Kd4 Kd2
52. Kc4 Kc2 53. Kd4 Kb3 0-1

[Event "Open d'Aubagne 2018-2019"]
[Site "Aubagne"]
[Date "2018.10.13"]
[Round "2.8"]
[White "Pouyet, Alain"]
[Black "Frontera, Pierre"]
[Result "1-0"]
[WhiteElo "1449"]
[BlackElo "1284"]
[PlyCount "79"]

1. e4 e5 2. f4 d6 3. Nf3 Nc6 4. Bc4 f6 5. O-O Nge7 6. c3 a6 7. a4 Bd7 8. b4 Na7
9. Qb3 d5 10. exd5 Nac8 11. fxe5 Bf5 12. exf6 gxf6 13. d4 Nd6 14. Be2 Bg7 15.
Bf4 Be4 16. Nbd2 Bxd5 17. c4 Bf7 18. Qc2 Ndf5 19. d5 Bg6 20. Bd3 O-O 21. Rae1
Qd7 22. Ne4 b6 23. Qb3 Kh8 24. Rd1 Bh5 25. Be2 Ng6 26. Bc1 Rae8 27. Qc2 Bxf3
28. Bxf3 Ne5 29. Bh5 Re7 30. c5 Nf7 31. Bg4 Nd4 32. Bxd7 Nxc2 33. Bf5 Nxb4 34.
d6 Re5 35. dxc7 Rxf5 36. Rxf5 Rc8 37. cxb6 Nc6 38. Bf4 Na5 39. Rd7 Kg8 40. Rxa5
1-0

[Event "Open d'Aubagne 2018-2019"]
[Site "Aubagne"]
[Date "2018.10.13"]
[Round "2.9"]
[White "Periale, Albert"]
[Black "Guidini, Rene"]
[Result "0-1"]
[WhiteElo "1267"]
[BlackElo "1442"]
[PlyCount "72"]

1. e4 c5 2. Nf3 d6 3. c3 Nf6 4. d3 Nbd7 5. Be3 e6 6. Nbd2 Qb6 7. Rb1 Be7 8. d4
Qc7 9. c4 b6 10. d5 exd5 11. exd5 O-O 12. Be2 Re8 13. h3 a6 14. O-O h6 15. b3
Bb7 16. Qc2 b5 17. Rfe1 Bf8 18. Bf4 Ne5 19. Rbc1 b4 20. Qb2 a5 21. Bg3 Bc8 22.
Bf1 Qd8 23. Nxe5 dxe5 24. Bxe5 Bd6 25. Bxf6 gxf6 26. Rxe8+ Qxe8 27. Qxf6 Qf8
28. Bd3 Ra6 29. Qf3 Qg7 30. Re1 Bd7 31. Ne4 Be5 32. Nd2 Rf6 33. Qe2 Rxf2 34.
Kxf2 Bd4+ 35. Qe3 Bxe3+ 36. Rxe3 Qd4 0-1

[Event "Open d'Aubagne 2018-2019"]
[Site "Aubagne"]
[Date "2018.10.13"]
[Round "2.10"]
[White "Piquemal, Maxence"]
[Black "Labriaud, Gilles"]
[Result "1-0"]
[WhiteElo "1425"]
[BlackElo "1276"]
[PlyCount "39"]

1. d4 d5 2. c4 c6 3. Nf3 Nf6 4. e3 e6 5. Nc3 Be7 6. Bd3 O-O 7. O-O c5 8. dxc5
Bxc5 9. cxd5 Nxd5 10. Nxd5 Qxd5 11. Qc2 g6 12. Rd1 Qc6 13. b3 Nd7 14. Bb2 f6
15. Bxg6 f5 16. Qc3 Nf6 17. Ne5 Qc7 18. Nf7 hxg6 19. Qxf6 Kh7 20. Qg7# 1-0

[Event "Open d'Aubagne 2018-2019"]
[Site "Aubagne"]
[Date "2018.10.13"]
[Round "2.11"]
[White "Masson, Wally"]
[Black "Soulet, Julia"]
[Result "0-1"]
[WhiteElo "1154"]
[BlackElo "1420"]
[PlyCount "71"]

1. e4 c5 2. Bc4 Nc6 3. Nf3 e5 4. O-O Be7 5. d3 Nf6 6. Nc3 O-O 7. Be3 d6 8. h3
h6 9. a3 Bd7 10. Rb1 Be6 11. Bb5 Nd7 12. b4 cxb4 13. axb4 f5 14. exf5 Bxf5 15.
Nd5 Be6 16. Bc4 Kh8 17. Nxe7 Qxe7 18. Bxe6 Qxe6 19. c3 Rf7 20. d4 d5 21. dxe5
Ncxe5 22. Nxe5 Nxe5 23. Bd4 Nf3+ 24. gxf3 Qxh3 25. Be5 Rf5 26. f4 Rh5 27. Bxg7+
Kg8 28. Qxh5 Qxh5 29. Bf6 Qg6+ 30. Kh1 Qxf6 31. Rg1+ Kf7 32. Rg4 Qf5 33. Rbg1
Qh5+ 34. Kg2 Qxg4+ 35. Kf1 Qd1+ 36. Kg2 0-1

[Event "Open d'Aubagne 2018-2019"]
[Site "Aubagne"]
[Date "2018.10.13"]
[Round "2.12"]
[White "Reynaud, Jacques"]
[Black "Cayrou, Manon"]
[Result "1-0"]
[WhiteElo "1409"]
[BlackElo "1263"]
[PlyCount "57"]

1. d4 d5 2. Nf3 Nf6 3. Bf4 e6 4. e3 Nc6 5. c4 Bd6 6. Ne5 Bd7 7. Nc3 Bb4 8. c5
Ne4 9. Qc2 O-O 10. Bd3 Nf6 11. a3 Bxc3+ 12. Qxc3 b6 13. cxb6 axb6 14. Nxc6 Qe8
15. Rc1 Bxc6 16. Qxc6 Qxc6 17. Rxc6 Rfc8 18. O-O Ra7 19. Rfc1 Ne8 20. Rxb6 cxb6
21. Rxc8 Re7 22. Bd6 Kf8 23. Bb5 f6 24. Rxe8+ Kf7 25. Rxe7+ Kf8 26. h4 h5 27.
Bd7 g6 28. Bxe6 g5 29. Rh7+ 1-0

[Event "Open d'Aubagne 2018-2019"]
[Site "Aubagne"]
[Date "2018.10.13"]
[Round "2.13"]
[White "Lognos, Lina"]
[Black "Cayrou, Fabien"]
[Result "0-1"]
[WhiteElo "1115"]
[BlackElo "1408"]
[PlyCount "144"]

1. c4 e5 2. Nc3 Nf6 3. Nf3 Nc6 4. g3 g6 5. Bg2 Bg7 6. d3 O-O 7. O-O d6 8. h3 b6
9. Nd2 Bb7 10. a3 Rb8 11. Nde4 Re8 12. Bg5 Nd4 13. Nd5 Re6 14. Nexf6+ Bxf6 15.
Nxf6+ Rxf6 16. Bxf6 Qxf6 17. Bxb7 Rxb7 18. f3 h5 19. b4 h4 20. g4 Qf4 21. Qe1
Qg3+ 22. Qxg3 Nxe2+ 23. Kf2 Nxg3 24. Rfe1 c5 25. b5 g5 26. a4 a6 27. bxa6 Ra7
28. Reb1 Rxa6 29. a5 bxa5 30. Rb5 a4 31. Rb2 f5 32. gxf5 Nxf5 33. Ra3 Nd4 34.
Rb8+ Kf7 35. Rb7+ Ke6 36. Rh7 Nc2 37. Rh6+ Kd7 38. Ra2 Nd4 39. Rg6 Ne6 40. Ke3
Ke7 41. Rg8 Kf7 42. Rb8 Nf4 43. Rb7+ Kf6 44. Rb1 Nxh3 45. Rba1 Rb6 46. Rxa4 Nf4
47. Ra5 Rb2 48. R5a2 Rb4 49. Ra8 Ng2+ 50. Ke4 Rb7 51. Rf8+ Rf7 52. Rxf7+ Kxf7
53. Ra7+ Kg6 54. Ra6 h3 55. Rxd6+ Kh5 56. Rd8 Kh4 57. Kf5 Nf4 58. Rh8+ Kg3 59.
Kxg5 h2 60. Rg8 h1=Q 61. Kf5+ Kf2 62. Kxe5 Nxd3+ 63. Kd5 Qxf3+ 64. Kd6 Qf6+ 65.
Kd5 Qf7+ 66. Kc6 Ne5+ 67. Kxc5 Qxg8 68. Kb5 Qxc4+ 69. Kb6 Qc6+ 70. Ka5 Qb7 71.
Ka4 Nd3 72. Ka3 Qb4+ 0-1

[Event "Open d'Aubagne 2018-2019"]
[Site "Aubagne"]
[Date "2018.10.13"]
[Round "2.14"]
[White "Strate, Francois"]
[Black "Bedhouche, Rayan"]
[Result "1-0"]
[WhiteElo "1406"]
[BlackElo "1160"]
[PlyCount "27"]

1. d4 Nf6 2. c4 e6 3. Nc3 Bb4 4. Nf3 c5 5. e3 O-O 6. Bd3 Nc6 7. O-O cxd4 8.
exd4 b6 9. Ne4 Bb7 10. Nxf6+ Qxf6 11. Bg5 Qxg5 12. Nxg5 Be7 13. Qh5 h6 14. Nf3
1-0

[Event "Open d'Aubagne 2018-2019"]
[Site "Aubagne"]
[Date "2018.10.13"]
[Round "2.15"]
[White "Normand, Christophe"]
[Black "Marchis Mouren, Emma"]
[Result "1-0"]
[WhiteElo "1399"]
[BlackElo "1111"]
[PlyCount "145"]

1. e4 b6 2. d4 Bb7 3. Nc3 e6 4. Bd3 Nf6 5. Bg5 Be7 6. Nf3 d5 7. e5 Ne4 8. Bxe7
Qxe7 9. O-O Nd7 10. Nd2 Nxc3 11. bxc3 O-O 12. Qh5 h6 13. f4 f5 14. Rf3 Qf7 15.
Qh4 Rfe8 16. Rg3 Nf8 17. Qxh6 Nd7 18. Nf3 Kf8 19. Qh4 Re7 20. Ng5 Qg8 21. Nh7+
Ke8 22. Rg6 Qf7 23. Rg3 Kd8 24. Be2 Kc8 25. Bh5 g6 26. Bxg6 Qg7 27. Bxf5 Qf7
28. Bd3 a5 29. Rf1 Ba6 30. Bxa6+ Rxa6 31. Ng5 Qg8 32. f5 exf5 33. Rxf5 Kb7 34.
Rgf3 Ra8 35. Rf7 Rxf7 36. Rxf7 Nf8 37. Qh6 Qg6 38. Qxg6 Nxg6 39. Rg7 Nf4 40. h4
Ne2+ 41. Kh2 Nxc3 42. e6 Nxa2 43. Rf7 Nb4 44. Nh7 a4 45. e7 Re8 46. Nf6 Rxe7
47. Rxe7 a3 48. Re1 Nxc2 49. Rc1 a2 50. h5 b5 51. Nxd5 c6 52. Nc3 a1=Q 53. Rxa1
Nxa1 54. h6 b4 55. Nd1 b3 56. h7 Nc2 57. h8=Q Ne3 58. Qh7+ Kb6 59. Qb1 Nxd1 60.
Qxb3+ Kc7 61. Qxd1 Kd6 62. g4 Kd5 63. g5 Ke6 64. Qf1 Kd5 65. Qf4 Ke6 66. g6 Kd5
67. g7 c5 68. dxc5 Kxc5 69. g8=Q Kc6 70. Qd8 Kb5 71. Qc1 Kb4 72. Qb8+ Ka4 73.
Qa1# 1-0

[Event "Open d'Aubagne 2018-2019"]
[Site "Aubagne"]
[Date "2018.10.13"]
[Round "2.16"]
[White "Cotton, Paul"]
[Black "Piquemal, Jean Christophe"]
[Result "1-0"]
[WhiteElo "1395"]
[BlackElo "1111"]
[PlyCount "162"]

1. Nf3 d5 2. g3 Nf6 3. Bg2 Nc6 4. b3 e5 5. d3 Bc5 6. O-O O-O 7. Bb2 d4 8. c3 a5
9. cxd4 exd4 10. Nbd2 Be6 11. Nc4 Qd7 12. Rc1 Bh3 13. Nce5 Nxe5 14. Nxe5 Qd6
15. Nc4 Qe6 16. Nd2 Bxg2 17. Kxg2 Qd5+ 18. Nf3 c6 19. Kg1 Rfe8 20. Rc2 Re7 21.
Qc1 Bb6 22. Qa1 c5 23. Ba3 Rc7 24. Rfc1 Rac8 25. Nd2 Qh5 26. Nf3 Qd5 27. Rc4
Ng4 28. R1c2 Ne5 29. Nxe5 Qxe5 30. Bc1 Qh5 31. Bf4 Re7 32. Qc1 Rxe2 33. Rxe2
Qxe2 34. Qd2 Re8 35. Rc2 Qxd2 36. Rxd2 h6 37. Rc2 g5 38. Bd6 Rc8 39. Be5 Ba7
40. Bxd4 b5 41. Be3 Bb6 42. Kg2 Kg7 43. Kf3 Kf6 44. Kg4 Kg6 45. f4 f5+ 46. Kf3
g4+ 47. Kg2 h5 48. a3 b4 49. axb4 axb4 50. Ra2 Re8 51. Kf2 Kf7 52. Ra6 Re6 53.
Ke2 Bd8 54. Rxe6 Kxe6 55. Bxc5 h4 56. Bxb4 hxg3 57. hxg3 Kd5 58. Ke3 Bb6+ 59.
Ke2 Kd4 60. Ba3 Kc3 61. b4 Kb3 62. Bc1 Kxb4 63. Bd2+ Kb5 64. Be3 Bc5 65. Bxc5
Kxc5 66. Ke3 Kd5 67. Kd2 Kd4 68. Ke2 Kc5 69. Ke3 Kd5 70. Kd2 Kd4 71. Kc2 Kc5
72. Kc3 Kd5 73. d4 Kc6 74. Kc4 Kd6 75. d5 Kc7 76. Kc5 Kd7 77. d6 Kd8 78. Kd5
Kd7 79. Ke5 Ke8 80. Kxf5 Kd7 81. Kxg4 Kxd6 1-0

[Event "Open d'Aubagne 2018-2019"]
[Site "Aubagne"]
[Date "2018.10.13"]
[Round "2.17"]
[White "Pentcheff, Julie"]
[Black "Avedissian, Andre"]
[Result "0-1"]
[WhiteElo "1096"]
[BlackElo "1362"]
[PlyCount "102"]

1. d4 d5 2. c4 e6 3. Nf3 Nf6 4. Bg5 Nbd7 5. cxd5 exd5 6. e3 b6 7. Nc3 Bb7 8.
Qb3 c6 9. Bd3 Bd6 10. e4 dxe4 11. Nxe4 Be7 12. Bxf6 Nxf6 13. Nxf6+ Bxf6 14. O-O
O-O 15. Rfe1 Bxd4 16. Nxd4 Qxd4 17. Re4 Qf6 18. Rae1 c5 19. Re7 Bc6 20. Bb5 a6
21. Bxc6 Qxc6 22. R1e3 b5 23. Rf3 c4 24. Qe3 Rae8 25. Rxe8 Rxe8 26. Qd2 Qb6 27.
h3 Rd8 28. Qe2 Kf8 29. Qe4 g6 30. Qf4 Qe6 31. Re3 Rd1+ 32. Kh2 Qd6 33. Qxd6+
Rxd6 34. f3 f6 35. Kg3 Kf7 36. Kf4 Re6 37. Rxe6 Kxe6 38. Ke4 Kd6 39. Kd4 a5 40.
g3 h6 41. f4 h5 42. g4 hxg4 43. hxg4 f5 44. gxf5 gxf5 45. b3 cxb3 46. a4 bxa4
47. Kc4 a3 48. Kxb3 Kd5 49. Kxa3 Ke4 50. Kb2 Kxf4 51. Kb3 Kf3 0-1

[Event "Open d'Aubagne 2018-2019"]
[Site "Aubagne"]
[Date "2018.10.13"]
[Round "2.18"]
[White "Hassaine, Rachid"]
[Black "Roganova, Maxime"]
[Result "1-0"]
[WhiteElo "1356"]
[BlackElo "1009"]
[PlyCount "45"]

1. e4 e5 2. Nf3 Nc6 3. c3 Nf6 4. Qc2 d5 5. Bb5 Bc5 6. Nxe5 Nxe4 7. d4 Bd6 8.
Nxc6 Bd7 9. Nxd8 Bxb5 10. Nxb7 Rb8 11. Nxd6+ Nxd6 12. Na3 Ba6 13. Qa4+ Bb5 14.
Nxb5 Nxb5 15. O-O O-O 16. Bf4 h6 17. Rfe1 Rb7 18. Re7 Rc8 19. Rae1 h5 20. Qc2
Rbb8 21. Qf5 f6 22. Qg6 Rf8 23. Qxg7# 1-0

[Event "Open d'Aubagne 2018-2019"]
[Site "Aubagne"]
[Date "2018.10.13"]
[Round "2.19"]
[White "Deregnaucourt, Yves"]
[Black "Lecomte, Gael"]
[Result "1-0"]
[WhiteElo "1645"]
[BlackElo "1225"]
[PlyCount "69"]

1. e4 e5 2. Nf3 Nc6 3. Bc4 Be7 4. d4 exd4 5. Nxd4 d6 6. Nc3 Nf6 7. O-O O-O 8.
h3 Ne5 9. Bb3 c5 10. Nf3 a6 11. Nxe5 dxe5 12. Qe2 b5 13. Rd1 Qc7 14. Bd5 Bb7
15. Bxb7 Qxb7 16. Bg5 Ne8 17. Bxe7 Qxe7 18. Nd5 Qg5 19. Rd3 f5 20. Rg3 Qd8 21.
Rd1 f4 22. Nxf4 Qa5 23. Ne6 Rf7 24. Ng5 Rf6 25. Qd3 Rb8 26. Qd5+ Kh8 27. Nf7+
Kg8 28. Nxe5+ Kh8 29. Nf7+ Kg8 30. Nd6+ Kf8 31. Nxe8 Rxe8 32. Qxc5+ Kg8 33. Rd7
Qe1+ 34. Kh2 Qxe4 35. Rgxg7+ 1-0

[Event "Open d'Aubagne 2018-2019"]
[Site "Aubagne"]
[Date "2018.10.13"]
[Round "2.20"]
[White "Ganier, Philippe"]
[Black "Blanc, Michel"]
[Result "1-0"]
[WhiteElo "1606"]
[BlackElo "1615"]
[PlyCount "95"]

1. Nf3 d5 2. d3 Nf6 3. g3 c6 4. Bg2 Bf5 5. Bg5 h6 6. Bf4 e6 7. c3 Bd6 8. Bxd6
Qxd6 9. Nbd2 O-O 10. O-O Nbd7 11. Qc2 Qc7 12. e4 dxe4 13. dxe4 Bh7 14. Rfe1
Rad8 15. b3 a5 16. a4 Nc5 17. Bf1 Ng4 18. b4 axb4 19. cxb4 Nd7 20. Qc3 Nde5 21.
h3 Nxf3+ 22. Nxf3 Nf6 23. Bd3 Qd7 24. Bc2 e5 25. Kg2 Rfe8 26. Rad1 Qe7 27. Rxd8
Rxd8 28. Nxe5 Re8 29. Nf3 Bg6 30. Nd2 Nd5 31. Qd4 Qxb4 32. Qxb4 Nxb4 33. Bb1
Ra8 34. Nc4 f6 35. Nb2 Rd8 36. Re3 Rd2 37. Rb3 c5 38. Nc4 Rd4 39. Rc3 Bxe4+ 40.
Bxe4 Rxe4 41. Nd6 Nd5 42. Nxe4 Nxc3 43. Nxc3 Kf7 44. Kf3 Ke6 45. Ke3 g6 46. Ke4
f5+ 47. Kd3 Kd6 48. Kc4 1-0